ABC Quiz mondial sur les capitales - remplissez les capitales du monde - Statistiques

Statistiques générales
  • Ce quiz a été pris 76 fois
  • Le résultat moyen est 9 sur 23
Statistiques - réponses
Hint Réponse % Correct
P Paris
84%
M Madrid
69%
R Rome
68%
L Londres
63%
A Amsterdam
62%
Z Zagreb
56%
O Oslo
54%
W Washington
50%
D Dublin
49%
S Stockholm
47%
H Helsinki
44%
V Vienne
40%
B Budapest
38%
K Kiev
32%
Q Quito
32%
T Tallinn
29%
Y Yaoundé‎
24%
C Chişinău‎
18%
J Jérusalem
16%
N Nicosie
16%
I Islamabad
15%
F Freetown
12%
G Guatemala
6%
Aucun quiz correspondant
Distribution des résultats
% des personnes avec chaque résultat
Percentile par nombre de réponses
Votre historique - résultats
Vous n’avez pas pris ce quiz